000 00290nam a22001337a 4500
008 170830b xxu||||| |||| 00| 0 eng d
020 _a9780312477134
041 _aeng
080 _24TH
_a070
100 _a40
101 _aMED
245 _aMIRROR ON AMERICA
_cMIMS,J.T
942 _2udc
_cBK
999 _c25592
_d25592